000 00537nam a2200121Ia 4500
008 171212s9999 xx 000 0 und d
020 _a9780980623819
100 _aAnderson, Kym;Stringer, Randy;Erwidodo, ;Feridhanusetyawan, Tubagus
245 _cAnderson, Kym;Stringer, Randy;Erwidodo, ;Feridhanusetyawan, Tubagus
_aIndonesia in a Reforming World Economy
_bEffects on Agriculture, Trade and the Environment
260 _bUniversity of Adelaide Press
_c2009
650 _aBusiness
856 _uhttp://jstor.org/stable/10.20851/j.ctt1sq5w4j
999 _c352930
_d352930